• 首页
  • 本馆介绍
  • 公告通知
  • 最新文献
  • 馆藏检索
  • 电子资源
  • 读者导购
  • 参考咨询
  • 我的图书馆
  • 登录
  • 详细信息显示
  • 放入我的书架
  • 预约/预借图书
  • 作者相关作品
  • 分类相关作品
  • 丛书相关作品
  • 出版社相关作品

书目信息

  • 表格格式
  • 工作单格式
  • 卡片格式
题名:
诚信
    
 
作者: 宋惠昌 主编
分册:  
出版信息: 北京   民主与建设出版社  2002
页数: 378页
开本: 20cm
丛书名:
单 册:
中图分类: F830.56
科图分类:
主题词: 商业信用--研究 , 商业信用
电子资源:
ISBN: 7-80112-390-5
000 00843nam0 2200253 450
001 073000001246
005 20091020090440.39
010    @a7-80112-390-5@dCNY19.80
100    @a20040204d em y0chiy0110 ea
101 0  @achi
102    @aCN@b110000
105    @ay z 000yy
200 1  @a诚信@Acheng xin@e商道之本@f宋惠昌主编@Fsong hui chang zhu bian
210    @a北京@c民主与建设出版社@d2002
215    @a378页@d20cm
330    @a本书以现代商业经营的信用问题引申开来,论述了中国历史上的信用观,西方历史上的信用观,并就中国社会主义市场经济发展中的经验教训分析信用的价值等。
517 1  @a商道之本@Ashang dao zhi ben
606 0  @a商业信用@x研究
606 0  @a商业信用
690    @aF830.56@v4
701  0 @a宋惠昌@Asong hui chang@c(经济管理)@4主编
801  0 @aCN@bNLC@c20091020
905    @aBZT@dF830.56@e1
906    @dCNY19.80@n0@r1
    
    诚信:商道之本/宋惠昌主编.-北京:民主与建设出版社,2002
    378页;20cm
    
    
    ISBN 7-80112-390-5:CNY19.80
    本书以现代商业经营的信用问题引申开来,论述了中国历史上的信用观,西方历史上的信用观,并就中国社会主义市场经济发展中的经验教训分析信用的价值等。
●
相关链接 在五车中查询图书 在当当中查询图书 在豆瓣中查询图书


正题名:诚信     索取号:F830.56/1         预约/预借

序号 登录号 条形码 馆藏地/架位号 状态 备注
1 413806   210415415   中心书库北库/ 北库036架A面5列3层55/ [索取号:F830.56/1] 在馆    
2 413807   210415442   中心书库北库/ 北库036架A面5列3层58/ [索取号:F830.56/1] 在馆    
3 413808   210415433   中心书库北库/ 北库036架A面5列3层50/ [索取号:F830.56/1] 在馆    
4 413809   210415460   中心书库北库/ 北库036架A面5列3层51/ [索取号:F830.56/1] 在馆    
5 413810   210415451   中心书库北库/ 北库036架A面5列3层57/ [索取号:F830.56/1] 在馆    
6 413811   210415488   中心书库北库/ 北库036架A面5列3层52/ [索取号:F830.56/1] 在馆    
7 413812   210415479   中心书库北库/ 北库036架A面5列3层54/ [索取号:F830.56/1] 在馆    
8 413813   210415503   中心书库北库/ 北库036架A面5列3层56/ [索取号:F830.56/1] 在馆    
9 413814   210415497   中心书库北库/ 北库036架A面5列3层59/ [索取号:F830.56/1] 在馆    
10 413815   210415521   中心书库北库/ 北库036架A面5列3层53/ [索取号:F830.56/1] 在馆    
山东省滨州职业学院图书馆 欢迎您!
大连网信软件有限公司© 版权所有